Conflicto y violencia intrafamiliar diagnóstico de la violencia intrafamiliar en Bogotá, D.C. (Registro nro. 42334)
[ vista simple ]
| 000 -ENCABEZADO | |
|---|---|
| Número de control [NR] | 01085nam a2200241Ia 4500 |
| 008 - DE LONGITUD FIJA DE DATOS DE ELEMENTOS - INFORMACIÓN GENERAL | |
| Elementos de longitud fija [NR] | 130821s2003 ck a gr spa |
| 020 ## - NUMERO INTERNACIONAL NORMALIZADO PARA LIBROS [R] | |
| Número Internacional Normalizado del libro [NR] | 9586168298 |
| 040 ## - FUENTE DE CATALOGACION [NR] | |
| Agencia de catalogación original [NR] | Co-BoUCM |
| Idioma de catalogación [NR] | spa |
| 041 00 - CODIGO DE IDIOMA [R] | |
| Código de idioma para texto/pista de sonido o título separado [R] | Español |
| 100 1# - ASIENTO PRINCIPAL--NOMBRE PERSONAL [NR] | |
| Nombre personal [NR] | Rubiano, Norma |
| ID Autoridad | 161227 |
| 245 10 - MENCION DE TITULO [NR] | |
| Título [NR] | Conflicto y violencia intrafamiliar diagnóstico de la violencia intrafamiliar en Bogotá, D.C. |
| Mención de responsabilidad, etc. [NR] | Norma Rubiano... [et al.] |
| 260 ## - PUBLICACION, DISTRIBUCION, ETC. (PIE DE IMPRENTA) [R] | |
| Lugar de publicación, distribución, etc. [R] | Bogotá (Colombia) |
| Nombre del editor, distribuidor, etc. [R] | Alcaldía Mayor de Bogotá, Universidad Externado de Colombia |
| Fecha de publicación, distribución, etc. [R] | 2003 |
| 300 ## - DESCRIPCION FISICA [R] | |
| Extensión [R] | 262 páginas |
| Otros detalles físicos [NR] | ilustraciones, tablas, cuadros |
| 650 04 - ASIENTO SECUNDARIO DE MATERIA - TERMINO TEMATICO [R] | |
| Término temático o nombre geográfico como elemento de entrada [NR] | Desarrollo social |
| 9 (RLIN) | 12991 |
| 650 04 - ASIENTO SECUNDARIO DE MATERIA - TERMINO TEMATICO [R] | |
| Término temático o nombre geográfico como elemento de entrada [NR] | Familia |
| Subdivisión general [R] | Condiciones sociales |
| Subdivisión geográfica [R] | Bogotá (Colombia) |
| 9 (RLIN) | 15547 |
| 650 04 - ASIENTO SECUNDARIO DE MATERIA - TERMINO TEMATICO [R] | |
| Término temático o nombre geográfico como elemento de entrada [NR] | Tribunales de familia |
| Subdivisión geográfica [R] | Bogotá (Colombia) |
| 9 (RLIN) | 25874 |
| 650 04 - ASIENTO SECUNDARIO DE MATERIA - TERMINO TEMATICO [R] | |
| Término temático o nombre geográfico como elemento de entrada [NR] | Violencia familiar |
| Subdivisión general [R] | Investigaciones |
| Subdivisión geográfica [R] | Bogotá (Colombia) |
| 9 (RLIN) | 26285 |
| 650 04 - ASIENTO SECUNDARIO DE MATERIA - TERMINO TEMATICO [R] | |
| Término temático o nombre geográfico como elemento de entrada [NR] | Violencia infantil |
| Subdivisión general [R] | Investigaciones |
| Subdivisión geográfica [R] | Bogotá (Colombia) |
| 9 (RLIN) | 26286 |
| 710 1# - ASIENTO SECUNDARIO - NOMBRE CORPORATIVO [R] | |
| Nombre corporativo o de jurisdicción como elemento de entrada [NR] | Bogotá (Colombia). |
| Unidad subordinada [R] | Alcaldía Mayor |
| 9 (RLIN) | 47601 |
| 710 2# - ASIENTO SECUNDARIO - NOMBRE CORPORATIVO [R] | |
| Nombre corporativo o de jurisdicción como elemento de entrada [NR] | Universidad Externado de Colombia |
| 9 (RLIN) | 3812 |
| 942 ## - ELEMENTOS DE ENTRADA AGREGADOS (KOHA) | |
| Tipo de ítem principal el descrito en 300a | Libro |
| Tema principal | Sociología |
| Edición | 1 |
| Parte restante de la signatura top. | C748c |
| Sistema de clasificación | DEWEY |
| Clasificación | 362.8292 |
| Fecha de último préstamo | Total préstamos | Signatura topográfica | Código de barras | Última vez visto | Ejemplar | Price effective from | Tipo de ítem | Perdido | Sistema de clasificación | Dañado | No prestable | Tipo de ítem específico | Suprimido | Ubicación habitual | Ubicación actual | Localización | Fecha de creación | Forma de adquisición | Costo |
|---|---|---|---|---|---|---|---|---|---|---|---|---|---|---|---|---|---|---|---|
| 05/04/2024 | 12 | 362.8292 C748c | 100065847 | 09/12/2025 | Ej.2 | 03/02/2013 | Libro | DEWEY | Libro | Claustro | Claustro | 2do piso | 28/02/2004 | Donación | 24500.00 |